header

Kiswahili kwa kidato cha 2 (Record no. 252119)

MARC details
000 -LEADER
fixed length control field 00251nam a22001097a 4500
020 ## - INTERNATIONAL STANDARD BOOK NUMBER
ISBN 9966445854
100 ## - MAIN ENTRY--AUTHOR NAME
Personal name KLB
245 ## - TITLE STATEMENT
Title Kiswahili kwa kidato cha 2
250 ## - EDITION STATEMENT
Edition statement Toleo la nne
260 ## - PUBLICATION, DISTRIBUTION, ETC. (IMPRINT)
Place of publication Nairobi
Name of publisher Kenya Literature Bureau
Year of publication 2007
942 ## - ADDED ENTRY ELEMENTS (KOHA)
Koha item type Long Loan Books
Holdings
Withdrawn status Lost status Collection code Home library Current library Shelving location Date acquired Full call number Accession Number Koha item type
    Non-fiction Rongo University Library Rongo University Library General Stacks 02/02/2023 PL8702.K4K462007 20088305 Long Loan Books

© 2026 Rongo University
Contact us: librarian | system librarian | Rongo university